The Cure: Sudden Death - Statistics

General Stats
  • This quiz has been taken 296 times
  • The average score is 8 of 11
Answers on the Grid
Answers color-coded by a green-red scale on the quiz's grid according to % correct below.
10:15 Saturday Night
Can't Get There From Here
Gardening at Night
Boys Don't Cry
Friday I'm in Love
In Between Days
Do You Really Want to Hurt Me?
She Drives Me Crazy
Pretty in Pink
Enjoy the Silence
Dear God
Close to Me
Just Like Heaven
Lullaby
Pictures of You
The Mayor of Simpleton
Bright Yellow Gun
Alone
A Fragile Thing
Why Can't I Be You?
 
Answer Stats
Answer % Correct
Boys Don't Cry
93%
Friday I'm in Love
93%
Just Like Heaven
89%
Lullaby
85%
In Between Days
82%
Pictures of You
80%
Close to Me
78%
Why Can't I Be You?
65%
10:15 Saturday Night
53%
A Fragile Thing
51%
Alone
49%
No matching quizzes found
Score Distribution
Percent of People with Each Score
Percentile by Number Answered
Your Score History
You have not taken this quiz